000 01895 a2200229 4500
003 NALT
005 20260306133324.0
008 231124b th ||||| |||| 00| 0 tha d
020 _a9786163017567
040 _aNALT
100 0 _aศรยุทธ เอี่ยมเอื้อยุทธ.
_912071
245 1 0 _aกลายเป็น-มลายู บทสำรวจอัตลักษณ์ในรัฐไทยและการค้นหาความหมายแห่งตัวตน :
_bBecoming Melayu : exploring ethnic identity in the Thai State and searching for the meaning of self /
_cศรยุทธ เอี่ยมเอื้อยุทธ.
_h[electronic resource]
260 _aกรุงเทพฯ :
_bยิปซีกรุ๊ป,
_c2565.
300 _aOnline resource
520 _aหนังสือวิชาการที่สร้างความหวังในสันติแห่งชายแดนใต้ คำอธิบายเรื่องราวที่ดูไม่ติดข้องกับแบบแผนความคิดและความเชื่อตลอดจนอุดมการณ์อันใดอันหนึ่งจนยากจะแกะลอก ทำให้หนังสือเล่มนี้สร้างความหวังให้กับผู้อ่านได้มากพอ หรืออาจจะมากกว่าได้ความรู้ด้วยซ้ำ.
650 4 _aชาติพันธุ์วิทยา
_zไทย (ภาคใต้)
_966094
650 4 _aมุสลิม
_zไทย (ภาคใต้)
_926441
850 _aNALT
856 4 0 _uhttps://ebook.parliament.go.th/ebookall/detail/432004
_zE-Book
942 _2lcc
_cEBK
996 _ai002
_bCATSTF
_c2023-12-12
999 _c102630
_d102630
998 _j1020
_k นางจำเรียง ระวังสำโรง